En busca de la música chilena: crónica y antología de una historia sonora

Sparad:
Bibliografiska uppgifter
Huvudupphovsman: Varas, José Miguel (Författare, medförfattare)
Övriga upphovsmän: González Rodríguez, Juan Pablo (autor)
Materialtyp: Bok
Språk:spanska
Publicerad: Santiago Publicaciones del Bicentenario 2005
Upplaga:1a. ed
Serie:Cuadernos Bicentenario, 4
Ämnen:
Taggar: Lägg till en tagg
Inga taggar, Lägg till första taggen!

MARC

LEADER 00000nam a2200000 a 4500
001 UCK7904
003 CL-VaPUC
008 051230e20050000CL |||||||||||||||||spa|d
020 |a 9567892067 
082 0 4 |a 781.6283  |b VAR  |2 21 
100 0 |a Varas, José Miguel  |e author  |9 497600 
700 |a González Rodríguez, Juan Pablo  |e autor  |9 546217 
245 1 0 |a En busca de la música chilena: crónica y antología de una historia sonora 
250 |a 1a. ed 
300 |a 518 p 
942 |c BK 
945 |d 20051230 00:00:00  |a cmena 
260 |a Santiago  |b Publicaciones del Bicentenario  |c 2005 
650 0 |a Historia de la música  |9 306741 
650 0 |a Música chilena  |9 306643 
650 0 |a Crónicas chilenas  |9 321511 
650 0 |a Compositores chilenos  |9 306644 
583 |a last modification  |c 20051230 00:00:00  |k Rodrigo Vera 
490 0 |a Cuadernos Bicentenario, 4 
999 |c 315740  |d 315738 
952 |0 0  |1 0  |4 0  |6 781_628300000000000_VAR_2005  |7 0  |8 A  |9 389409  |a BIBEDU  |b BIBEDU  |d 2019-11-22  |i 4196023  |o 781.6283 VAR 2005  |p 4196023  |r 2023-01-12  |w 2019-11-22  |y BK  |k MUS